000
00265nam a22001097a 4500
082
_a
621.042 IMP'E
100
_a
ENERCON
_9
79563
245
_a
IMPROVING ENERGY EFFICIENCY IN ELECTRICAL SYSTEMS
260
_a
ISLAMABAD
_b
ENERCON
_c
1988
300
_a
B-35
942
_c
BK
999
_c
584587
_d
584587